000 00723nam a2200229 a 4500
001 000038736
003 DO-SdBNP
005 20240927073749.0
008 130419s1967 dr 000 0bspa d
040 _aDO-SdBNP
_bspa
_cBNPHU
082 _a923.17293
_bB171C, 1967
100 1 _aCordero, Armando
_936629
245 1 0 _aJoaquín Balaguer, pensador y estadísta /
_cArmando Cordero.
250 _a2a. ed.
260 _aSanto Domingo :
_bEditora del Caribe,
_c1967.
300 _a111 p. ;
_c25 cm.
500 _aIncluye bibliografía al final de los capitulos
590 _aInventariado, 2019/MFF
600 1 0 _a Balaguer, Joaquín,
_d1906-2002
_976556
910 _aValidado. Control de calidad MFF
942 _2ddc
_cLBS1
999 _c38226
_d38226